Применение логической модели знаний для классификации физического поведения объектов; Перспективы развития фундаментальных наук; Т. 7 : IT-технологии и электроника

Bibliografski detalji
Parent link:Перспективы развития фундаментальных наук=Prospects of Fundamental Sciences Development: сборник научных трудов XIV Международной конференции студентов, аспирантов и молодых ученых, г. Томск, 25-28 апреля 2017 г./ Национальный исследовательский Томский политехнический университет (ТПУ) ; под ред. И. А. Курзиной, Г. А. Вороновой.— , 2017
Т. 7 : IT-технологии и электроника.— 2017.— [С. 63-65]
Glavni autor: Кочергин М. И.
Daljnji autori: Дмитриев В. М. (научный руководитель)
Sažetak:Заглавие с экрана
This article discusses the problem of biometric way of identifying a person, in particular, voice recognition for safety system. The algorithm for obtaining the speaker's voice model is described. In this paper, the method of Mel-frequency cepstral coefficients (MFCC) is considered for distinguishing the distinctive features of the speaker. Besides, speaker recognition by voice may be used in criminal investigations, forensics and radio reconnaissance.
Jezik:ruski
Izdano: 2017
Teme:
Online pristup:http://earchive.tpu.ru/handle/11683/45329
Format: MixedMaterials Elektronički Poglavlje knjige
KOHA link:https://koha.lib.tpu.ru/cgi-bin/koha/opac-detail.pl?biblionumber=625681

MARC

LEADER 00000naa2a2200000 4500
001 625681
005 20231101133356.0
035 |a (RuTPU)RU\TPU\conf\24941 
035 |a RU\TPU\conf\24940 
090 |a 625681 
100 |a 20171218d2017 k y0rusy50 ca 
101 0 |a rus  |d eng 
102 |a RU 
105 |a y z 100zy 
135 |a drcn ---uucaa 
181 0 |a i  
182 0 |a b 
200 1 |a Применение логической модели знаний для классификации физического поведения объектов  |d Using the logical model of knowledge representation for classifying object's physical behavior  |f М. И. Кочергин  |g науч. рук. В. М. Дмитриев 
203 |a Текст  |c электронный 
230 |a 1 компьютерный файл (pdf; 178 Kb) 
300 |a Заглавие с экрана 
320 |a [Библиогр.: с. 65 (2 назв.)] 
330 |a This article discusses the problem of biometric way of identifying a person, in particular, voice recognition for safety system. The algorithm for obtaining the speaker's voice model is described. In this paper, the method of Mel-frequency cepstral coefficients (MFCC) is considered for distinguishing the distinctive features of the speaker. Besides, speaker recognition by voice may be used in criminal investigations, forensics and radio reconnaissance. 
461 1 |0 (RuTPU)RU\TPU\conf\21388  |t Перспективы развития фундаментальных наук  |l Prospects of Fundamental Sciences Development  |o сборник научных трудов XIV Международной конференции студентов, аспирантов и молодых ученых, г. Томск, 25-28 апреля 2017 г.  |o в 7 т.  |f Национальный исследовательский Томский политехнический университет (ТПУ) ; под ред. И. А. Курзиной, Г. А. Вороновой  |d 2017 
463 1 |0 (RuTPU)RU\TPU\conf\21398  |t Т. 7 : IT-технологии и электроника  |v [С. 63-65]  |d 2017 
510 1 |a Using the logical model of knowledge representation for classifying object's physical behavior  |z eng 
610 1 |a электронные ресурсы 
610 1 |a компьютерное моделирование 
610 1 |a вычислительные эксперименты 
610 1 |a формализация 
610 1 |a моделирование 
610 1 |a программные средства 
700 1 |a Кочергин  |b М. И. 
702 1 |a Дмитриев  |b В. М.  |4 727 
801 2 |a RU  |b 63413507  |c 20171220  |g RCR 
856 4 |u http://earchive.tpu.ru/handle/11683/45329 
942 |c BK